South African mining companies in Southern Africa: corporate governance and social responsibilities (Record no. 76679)

MARC details
000 -LEADER
fixed length control field 01009nam a2200205 a 4500
008 - FIXED-LENGTH DATA ELEMENTS--GENERAL INFORMATION
fixed length control field 100519s2010 ||||||||||||||||| || u
022 ## -
-- 19945604
050 ## - LIBRARY OF CONGRESS CALL NUMBER
Classification number HD 60.5 Sou
110 ## - MAIN ENTRY--CORPORATE NAME
Corporate name or jurisdiction name as entry element Southern Africa Resource Watch (SARW)
245 10 - TITLE STATEMENT
Title South African mining companies in Southern Africa: corporate governance and social responsibilities
260 ## - PUBLICATION, DISTRIBUTION, ETC.
Place of publication, distribution, etc. Johannesburg:
Name of publisher, distributor, etc. SARW
Date of publication, distribution, etc. 2010
300 ## - PHYSICAL DESCRIPTION
Extent 327p.: ill.
350 ## -
-- 0.00
650 #0 - SUBJECT ADDED ENTRY--TOPICAL TERM
Topical term or geographic name entry element MANAGEMENT
650 ## - SUBJECT ADDED ENTRY--TOPICAL TERM
Topical term or geographic name entry element CORPORATE GOVERNANCE, SOCIAL RESPONSIBILITY--SOUTH AFRICAN MINES
650 ## - SUBJECT ADDED ENTRY--TOPICAL TERM
Topical term or geographic name entry element CORPORATIONS--INVESTOR RELATIONS--SOUTH AFRICAN MINES
650 ## - SUBJECT ADDED ENTRY--TOPICAL TERM
Topical term or geographic name entry element INDUSTRIAL MANAGEMENT--SOUTH AFRICAN MINES
995 ## -
-- MAIN LIBRARY OPEN ACCESS
-- 0.00
-- 741331
-- CBU-MAIN LIBRARY (Kitwe)
-- 1
-- 0.00
-- HD 60.5 SOU
-- 1
-- AVAILABLE
-- Jun 4, 2010
-- 741331
-- Main Library Open Access Collection
995 ## -
-- MAIN LIBRARY OPEN ACCESS
-- 0.00
-- 741332
-- CBU-MAIN LIBRARY (Kitwe)
-- 1
-- 0.00
-- HD 60.5 SOU
-- 2
-- AVAILABLE
-- Jun 4, 2010
-- 741332
-- Main Library Open Access Collection
999 ## -
-- 76679
-- 76679
Holdings
Withdrawn status Lost status Source of classification or shelving scheme Damaged status Not for loan Permanent Location Current Location Shelving location Date acquired Total Checkouts Full call number Barcode Date last seen Copy number Price effective from Koha item type
          CBU-MAIN LIBRARY, KITWE. CBU-MAIN LIBRARY, KITWE.   04/25/2023   HD 60.5 Sou 741331 04/25/2023 1 04/25/2023 MONOGRAPH
          CBU-MAIN LIBRARY, KITWE. CBU-MAIN LIBRARY, KITWE.   04/25/2023   HD 60.5 Sou 741332 04/25/2023 2 04/25/2023 MONOGRAPH